LEADER 01763nam 2200529 c 450 001 996703463003316 005 20260121121853.0 010 $a9783728132376$bPrint 010 $a9783728132369$bPrint 010 $a9783728134073$belectronic 024 7 $a0.3218/3407-3 024 7 $a10.3929/ethz-a-006499813 035 $a(swissbib)066503183-41slsp_network 035 $a066503183$9ExL 035 $a(IDSBB)005646110DSV01 035 $a(EXLCZ)9944988998800041 100 $a20110622d2011 uy | 101 0 $ager 135 $aur||||||||||| 181 $ctxt$2rdacontent 182 $cc$2rdamedia 183 $acr$2rdacarrier 200 00$aGrundlagen des makroseismischen Erdbebenkatalogs der Schweiz$fSchweizerischer Erdbebendienst (Hrsg.) 210 1$aZürich$cvdf Hochschulverlag AG an der ETH Zürich$d2011 215 $aOnline-Datei 327 $gBd. 1$t1000-1680$rGabriela Schwarz-Zanetti, Donat Fäh ; mit Beiträgen von Virgilio Masciadri ... [et al.] 327 $gBd. 2$t1681-1878$rMonika Gisler, Donat Fäh 606 $aErdbeben$3(DE-588)4015134-7$2gnd 607 $aSchweiz$2gnd 608 $aVerzeichnis$2gnd-content 615 7$aErdbeben 676 $a551.22 676 $a550 676 $a500 686 $aRK 30121$2rvk 686 $aTP 5305$2rvk 686 $aUT 1800$2rvk 701 $aSchwarz-Zanetti$b Gabriela$f1956-$01888726 701 $aFa?h$b Donat$f1960-$00 701 $aMasciadri$b Virgilio$f1963-2014$01888728 701 $aGisler$b Monika$f1963-$01888729 712 02$aSchweizerischer Erdbebendienst 801 0$bSzZuIDS NEBIS 801 2$bCH-ZuSLS 912 $a996703463003316 996 $aGrundlagen des makroseismischen Erdbebenkatalogs der Schweiz$94528237 997 $aUNISA